Statistics for Kanye West: Next President Of The United States?

Click here to take the quiz!

General Stats

  • This quiz has been taken 79 times
  • The average score is 4 of 28

Answer Stats

HintAnswer% Correct
Social media site where Kanye announced he would be running for presidentTwitter
97%
Kanye denounced his support for this politicianDonald Trump
90%
Fictional country that Kanye said he would run the White House likeWakanda
29%
Magazine that interviewed KanyeForbes
27%
What Kanye believes he contracted in FebruaryThe Coronavirus
27%
Movie this country is fromBlack Panther
25%
Punishment that Kanye is againstCapital punishment
23%
The person who Kanye says chooses who becomes presidentGod
22%
Political party that Kanye is running underThe Birthday Party
15%
Country that Kanye loves. This country also changed his life and gave him a new perspective.China
11%
Other advisor who helped guide KanyeElon Musk
8%
Advisor who helped guide KanyeKim Kardashian
8%
Kanye is afraid of this because he thinks it will prevent us from entering the gates to HeavenA vaccine for the Coronavirus
7%
Something Kanye has never done beforeVoted
7%
Other item that Kanye wants to remove chemicals fromToothpaste
5%
State his running mate is fromWyoming
5%
Kanye's sloganYES!
5%
Kanye's other slogan#2020vision
4%
What this politician did to make Kanye lose his support for himHide in a bunker
4%
Kanye's running mateMichelle Tidball
4%
This was made by white supremacists to do the work of the Devil, according to Kanye.Planned Parenthood
4%
Item that Kanye wants to remove chemicals fromDeodorant
3%
Kanye has not done his research on thisTaxes
3%
What made Kanye decide he wanted to run for presidentThe Michael Jackson Video Vanguard Awards
3%
Other reason Kanye wore the MAGA hatHe likes Trump hotels and the saxophones in the lobbies
1%
Social issue that Kanye would like to endPolice brutality
1%
Occupation of his running matePreacher
1%
Reason Kanye wore the MAGA hatTo protest the segregation of votes in the black community
1%

Score Distribution

Percentile by Number Answered

Percent of People with Each Score

Your Score History

You have not taken this quiz